MARC details
| 000 -LEADER |
| fixed length control field |
01251 a2200301 4500 |
| 001 - CONTROL NUMBER |
| control field |
200129484 |
| 003 - CONTROL NUMBER IDENTIFIER |
| control field |
TR-AnTOB |
| 005 - DATE AND TIME OF LATEST TRANSACTION |
| control field |
20240209094443.0 |
| 008 - FIXED-LENGTH DATA ELEMENTS--GENERAL INFORMATION |
| fixed length control field |
130524e2012 tu 001 0 |
| 020 ## - INTERNATIONAL STANDARD BOOK NUMBER |
| International Standard Book Number |
9786053992394 |
| 040 ## - CATALOGING SOURCE |
| Original cataloging agency |
TR-AnTOB |
| Transcribing agency |
TR-AnTOB |
| Language of cataloging |
eng |
| Description conventions |
rda |
| 041 ## - LANGUAGE CODE |
| Language code of text/sound track or separate title |
Türkçe |
| 050 00 - LIBRARY OF CONGRESS CALL NUMBER |
| Classification number |
KKX2064 |
| Item number |
.Ö9383 2012 |
| 090 ## - LOCALLY ASSIGNED LC-TYPE CALL NUMBER (OCLC); LOCAL CALL NUMBER (RLIN) |
| Classification number (OCLC) (R) ; Classification number, CALL (RLIN) (NR) |
KKX2064 |
| Local cutter number (OCLC) ; Book number/undivided call number, CALL (RLIN) |
.Ö9383 2012 |
| 100 1# - MAIN ENTRY--PERSONAL NAME |
| Personal name |
Özbudun, Ergun, |
| Dates associated with a name |
1937-2023 |
| 9 (RLIN) |
6434 |
| 245 00 - TITLE STATEMENT |
| Title |
1924 anayasası / |
| Statement of responsibility, etc. |
Ergun Özbudun. |
| 264 #1 - PRODUCTION, PUBLICATION, DISTRIBUTION, MANUFACTURE, AND COPYRIGHT NOTICE |
| Place of production, publication, distribution, manufacture |
İstanbul : |
| Name of producer, publisher, distributor, manufacturer |
İstanbul Bilgi Üniversitesi yayınları, |
| Date of production, publication, distribution, manufacture, or copyright notice |
2012. |
| 300 ## - PHYSICAL DESCRIPTION |
| Extent |
88 p. |
| Dimensions |
24 cm. |
| 336 ## - CONTENT TYPE |
| Source |
rdacontent |
| Content type term |
text |
| Content type code |
txt |
| 337 ## - MEDIA TYPE |
| Source |
rdamedia |
| Media type term |
unmediated |
| Media type code |
n |
| 338 ## - CARRIER TYPE |
| Source |
rdacarrier |
| Carrier type term |
volume |
| Carrier type code |
nc |
| 490 0# - SERIES STATEMENT |
| Series statement |
İstanbul Bilgi Üniversitesi yayınları ; |
| Volume/sequential designation |
381. |
| Series statement |
Siyaset bilimi ; |
| Volume/sequential designation |
42. |
| 505 ## - FORMATTED CONTENTS NOTE |
| Formatted contents note |
1. Bölüm: Anayasanın yapım süreci -- 2. Bölüm: Genel hükümler ve hükümet sisteminin niteliği -- 3. Bölüm: Yasama organı -- 4. Bölüm: Yürütme organı -- 5. Bölüm: Yargı organı -- 6. Bölüm: Temel hak ve hürriyetler -- 7. Bölüm: Yerel yönetimler -- 8. Bölüm: Anayasanın katılığı ve üstünlüğü. |
| 610 10 - SUBJECT ADDED ENTRY--CORPORATE NAME |
| Corporate name or jurisdiction name as entry element |
Türkiye. |
| Title of a work |
Anayasa (1924) |
| 9 (RLIN) |
137417 |
| 650 00 - SUBJECT ADDED ENTRY--TOPICAL TERM |
| Topical term or geographic name entry element |
Anayasa hukuku |
| Geographic subdivision |
Türkiye |
| 9 (RLIN) |
116005 |
| 942 ## - ADDED ENTRY ELEMENTS (KOHA) |
| Koha item type |
Book |
| Source of classification or shelving scheme |
Library of Congress Classification |